blox fruits quiz - Statistics

General Stats
  • This quiz has been taken 690 times
    572 since last reset
  • The average score is 60 of 309
Answer Stats
Hint Answer % Correct
Shark
79%
Races Human
76%
Angel
75%
Dragon
74%
Cyborg
72%
Dark
71%
Rabbit
71%
Fruits Rocket
71%
Ghoul
70%
Ice
67%
Spin
67%
Light
66%
Removed Fruits Kilo
65%
Chop
64%
Bomb
62%
Flame
62%
Leopard
62%
Magma
61%
Smoke
61%
Spike
60%
Spring
59%
Buddha
57%
Dough
55%
Gravity
54%
Portal
54%
Quake
53%
Rubber
53%
Soul
53%
Love
52%
Mammoth
52%
Falcon
51%
Ghost
51%
Godhuman
51%
Barrier
50%
Control
50%
Venom
50%
Rumble
49%
Sand
49%
Spirit
49%
Shadow
48%
Spider
48%
Blizzard
47%
Electric
47%
Fighting Styles Combat
46%
Dark Step
46%
Superhuman
46%
Pain
45%
Phoenix
45%
Sound
45%
Diamond
44%
Alignments Pirate
44%
Door
43%
Sharkman Karate
43%
Dark Blade
42%
Dragon Talon
42%
Marine
42%
Water Kung Fu
42%
Electric Claw
41%
Death Step
40%
Sanguine Art
40%
Dragon Breath
39%
Swords Katana
38%
Revive
38%
True Triple Katana
36%
Admin Sword Triple Dark Blade
35%
Paw
33%
Soul Guitar
33%
Triple Katana
32%
Dual Katana
31%
Cursed Dual Katana
30%
Meme
30%
Guns Slingshot
30%
Cutlass
29%
Sea Events Sea Beast
27%
Yeti
27%
Musket
26%
Saber
25%
String
25%
Cannon
24%
Kabucha
24%
Flintlock
22%
Iron Mace
22%
Jungle
22%
Pipe
22%
Pole
22%
Bazooka
21%
Bosses Gorilla King
21%
Refined Slingshot
21%
Swan
21%
Bisento
20%
Refined Musket
20%
Bobby
19%
Islands Pirate Starter
19%
Trident
19%
Warden
19%
Yama
19%
Leviathan
18%
Marine Starter
18%
Shisui
18%
Terrorshark
18%
Acidum Rifle
17%
Dragon Trident
17%
Longsword
17%
Rip_Indra
17%
Soul Cane
17%
Tushita
17%
Wando
17%
Dual Headed Blade
16%
Gravity Cane
16%
Rengoku
16%
Saddi
16%
Serpent Bow
16%
Shark Anchor
16%
Shark Saw
16%
Bizarre Rifle
15%
Desert
15%
Boats Dinghy
15%
Koko
15%
Midnight Blade
15%
Pirate Village
15%
Refined Flintlock
15%
Spikey Trident
15%
Buddy Sword
14%
Hallow Scythe
14%
2X Mastery
13%
2X Money
13%
Dark Dagger
13%
Dough King
13%
Greybeard
13%
Ice Admiral
13%
Middle Town
13%
Pale Scarf
13%
Accessories Pink Coat
13%
Prison
13%
Admin Gun Shotgun
13%
Sloop
13%
Twin Hooks
13%
Aura
12%
Darkbeard
12%
Jeremy
12%
Jitte
12%
Wardens Sword
12%
Black Cape
11%
Coat
11%
Dark Coat
11%
Fast Boats
11%
Flash Step
11%
Fountain City
11%
Hot And Cold
11%
Kingdom Of Rose
11%
Skylands
11%
Brigade
10%
Cake Queen
10%
Colosseum
10%
Fruit Notifier
10%
Magma Admiral
10%
Magma Village
10%
Marine Fortress
10%
Miracle
10%
Order
10%
Pilot Helmet
10%
Underwater City
10%
Black Spikey Coat
9%
Canvander
9%
Admin Accessory D.S. Coat
9%
Fajita
9%
Frozen Village
9%
Green Zone
9%
Instinct
9%
Pure Red
9%
Ship Raid
9%
Snow White
9%
Swan Glasses
9%
Raid Bosses The Saw
9%
Upper Skylands
9%
Vice Admiral
9%
Awakened Ice Admiral
8%
Blue Spikey Coat
8%
Castle On The Sea
8%
Chief Warden
8%
Cool Shades
8%
Forgotten Island
8%
Grand Brigade
8%
Graveyard
8%
Guardian
8%
Hydra Island
8%
Lantern
8%
Mirage Island
8%
Piranha
8%
Port Town
8%
Red Spikey Coat
8%
Rumbling Waters
8%
Air Jump
7%
Beast Hunter
7%
Cake Prince
7%
Cursed Captain
7%
Cursed Ship
7%
Floating Turtle
7%
Ice Castle
7%
Saber Expert
7%
Tiki Outpost
7%
Winter Sky
7%
Absolute Zero
6%
Blue Jeans
6%
Fishman Lord
6%
Kilo Admiral
6%
Mob Leader
6%
Sentinel
6%
Snow Mountain
6%
Stone
6%
Whirlpool
6%
Choppa
5%
Abilities Dash
5%
Enforcer
5%
Great Tree
5%
Haunted Castle
5%
Holiday Cloak
5%
Lei
5%
Leviathan Shield
5%
Sea Of Treats
5%
Speedboat
5%
Top Hat
5%
Usoap's Hat
5%
+1 Fruit Storage
4%
2X Drop Chance
4%
Aquamarine
4%
Bear Ears
4%
Beautiful Pirate
4%
Captain Elephant
4%
Cupid's Coat
4%
Elf Hat
4%
Ghost Ship Raid
4%
Ghoul Mask
4%
Golden Sunhat
4%
Haunted Shipwreck
4%
Heat Wave
4%
Instinct V2
4%
Leviathan Crown
4%
Longma
4%
Marine Cap
4%
Musketeer Hat
4%
Aura Colors Orange Soda
4%
Party Hat
4%
Plump Purple
4%
Rainbow Saviour
4%
Santa Hat
4%
Sleigh
4%
Slimy Green
4%
Soul Reaper
4%
Swordsman Hat
4%
Terror Jaw
4%
Tide Keeper
4%
Tomoe Ring
4%
Warrior Helmet
4%
Zebra Cap
4%
Black Bandanna
3%
Diablo
3%
Fiery Rose
3%
Flower Ship
3%
Green Bandanna
3%
Green Lizard
3%
Heart Shades
3%
Holy Crown
3%
Jaw Shield
3%
Light Pink
3%
Mob Island
3%
Pretty Helmet
3%
Red Bandanna
3%
Rip_Indra True Form
3%
Rough Sea
3%
Shark Tooth Necklace
3%
Swan Ship
3%
Treasure Island
3%
Valkyrie Helmet
3%
Yellow Sunshine
3%
Removed Boats Basic
2%
Black Hunter Cape
2%
Bright Yellow
2%
Cursed Skeleton
2%
Dark Arena
2%
Deandre
2%
Frozen Dimension
2%
Green Hunter Cape
2%
Island Empress
2%
Red Hunter Cape
2%
Remote Island
2%
Smoker
2%
Urban
2%
Cave Island
1%
Change Race
1%
Factory
1%
Fish Crew Member
1%
Indra Island
1%
Other Bosses Mihawk
1%
Gamepasses Respawn Bosses
1%
Shocker
1%
Stat Reset
1%
Bladesmith
0%
Bone Breaker
0%
Special Enemies Bone Wraith
0%
Evil Wraith
0%
Fruit Master
0%
Fruit User
0%
Sorcerer
0%
Training Dummy
0%
No matching quizzes found
Score Distribution
Percent of People with Each Score
Percentile by Number Answered
Your Score History
You have not taken this quiz since the last reset